Computer applications in geography

Αποθηκεύτηκε σε:
Λεπτομέρειες βιβλιογραφικής εγγραφής
Κύριος συγγραφέας: Mather, Paul M.
Μορφή: Βιβλίο
Γλώσσα:English
Δημοσίευση: Chchester : John Wiley & Sons, c1997
Θέματα:
Ετικέτες: Προσθήκη ετικέτας
Δεν υπάρχουν, Καταχωρήστε ετικέτα πρώτοι!

MARC

LEADER 00000nam a2200000 i 4500
001 1/76838
008 990401s1997 eng d
020 |a 0-471-92615-9 
035 |l 10049705 
040 |a GR-MY-UA  |b gre  |e aacr 
041 0 |a eng 
082 0 |a 910.0285 
100 1 |a Mather, Paul M. 
245 1 0 |a Computer applications in geography /  |c Paul M. Mather 
260 |a Chchester :   |b John Wiley & Sons,   |c c1997 
300 |a 257 p.  |b fig.; tabl. 
504 |a Includes bibliographical references and index 
650 0 0 |a Geography  |x Data processing. 
852 |a INST  |b LESVOS  |e 19990401  |h 910.0285 MAT  |p 005100016636  |q 005100016636  |t BK  |y 0 
901 |a BIBL-1999-1 
909 |a Λ  |b 062074 
922 |a 1ΕΛΗ  |b 199812  |c ΚΠΣ/ΤΓ  |d LEADER 
950 |a 118-1998-10-19